|
|
|
|
| LEADER |
01187nab a2200181 i 4500 |
| 001 |
univ76850 |
| 005 |
20260302144226.0 |
| 008 |
260302s2026 hu o 000 hun d |
| 040 |
|
|
|a SZTE UnivHistória Repozitórium
|b hun
|
| 041 |
|
|
|a hun
|
| 100 |
1 |
|
|a Kis Máté
|
| 245 |
1 |
3 |
|a Az autóipar harmadik forradalmát szeretné elhozni a BYD
|h [elektronikus dokumentum] /
|c Kis Máté
|
| 260 |
|
|
|c 2026-02-27
|
| 490 |
0 |
|
|a Ttv.szeged.hu
|
| 561 |
|
|
|a Egyetemi hirarchívum
|
| 695 |
|
|
|a Együttműködés - BYD Auto Hungary Kft., Együttműködés - ipar, Rendezvény - üzleti reggeli, Előadás - "A 18 milliós Sencsenből a 180 ezres Szegedre", Közösségi közlekedés - elektronikus, Majó-Petri Zoltán - egyetemi docens, Üzleti Tudományok Intézete, Gazdaságtudományi Kar - GTK, Városháza - Szeged
|
| 856 |
4 |
0 |
|u http://univ.bibl.u-szeged.hu/76850/1/Szeged%20TV%20-%20Az%20aut%C3%B3ipar%20harmadik%20forradalm%C3%A1t%20szeretn%C3%A9%20elhozni%20a%20BYD.pdf
|z Dokumentum-elérés
|
| 856 |
4 |
0 |
|u http://univ.bibl.u-szeged.hu/76850/2/FDownloader.Net_AQNHakgvvVO_WS52XjhJaLAwYQJn5NHxFKF-GjX8QcnIaUEN5hPdrcpF6a3ZG7hwc4h7feMMygir0EOwuRkOT-hRAk4-Yj5Rtd9YzqGKIySgvQ_720p_%28HD%29.mp4
|z Dokumentum-elérés
|